Sarah dan kasut tumit tinggi (No. rekod 1845)
[ format kosong ]
| 000 -LEADER | |
|---|---|
| fixed length control field | 01120pam a2200229 i 4500 |
| 001 - CONTROL NUMBER | |
| control field | 465131 |
| 003 - CONTROL NUMBER IDENTIFIER | |
| control field | KPN |
| 005 - DATE AND TIME OF LATEST TRANSACTION | |
| control field | 20260429113654.0 |
| 008 - FIXED-LENGTH DATA ELEMENTS--GENERAL INFORMATION | |
| fixed length control field | 20260429b 00| 0 my d |
| 020 ## - INTERNATIONAL STANDARD BOOK NUMBER | |
| International Standard Book Number | 9789833653713 |
| Qualifying information | paperback |
| Terms of availability | RM18.00 |
| 040 ## - CATALOGING SOURCE | |
| Transcribing agency | KPN |
| 082 04 - DEWEY DECIMAL CLASSIFICATION NUMBER | |
| Classification number | BM FK EZE 2007 |
| Edition number | 23 |
| 090 00 - LOCALLY ASSIGNED LC-TYPE CALL NUMBER (OCLC); LOCAL CALL NUMBER (RLIN) | |
| Classification number (OCLC) (R) ; Classification number, CALL (RLIN) (NR) | BM FK EZE 2007 |
| Local cutter number (OCLC) ; Book number/undivided call number, CALL (RLIN) | EZE |
| 100 0# - MAIN ENTRY--PERSONAL NAME | |
| Personal name | Ezee Rahmani, |
| Dates associated with a name | 1962- |
| Relator term | author. |
| 245 10 - TITLE STATEMENT | |
| Title | Sarah dan kasut tumit tinggi |
| Statement of responsibility, etc. | Ezee Rahmani |
| 264 #1 - PRODUCTION, PUBLICATION, DISTRIBUTION, MANUFACTURE, AND COPYRIGHT NOTICE | |
| Place of production, publication, distribution, manufacture | Kuala Lumpur : |
| Name of producer, publisher, distributor, manufacturer | Pts One Sdn. Bhd., |
| Date of production, publication, distribution, manufacture, or copyright notice | 2007 |
| 300 ## - PHYSICAL DESCRIPTION | |
| Extent | 274 pages : |
| Other physical details | illustrations ; |
| Dimensions | 19 cm |
| 521 ## - TARGET AUDIENCE NOTE | |
| Target audience note | Sarah yang meminati kasut tinggi sejak kecil lagi dan berazam ingin memilikinya pada suatu hari nanti.<br/><br/>Sebaik sahaja menjangkau umur 13 tahun, Sarah sudah boleh memakai kasut tinggi Mak Su yang bekerja sebagai jururawat. Pucuk dicita ulam mendatang apabila Mak Su menghadiahkan kasut. Ketaksuban Sarah tidak dapat dikawal kerana Sarah memakai kasut tinggi tanpa mengira tempat mahupun situasi. Apa yang terjadi kepada Sarah? Dapatkah sepasang kasut mengubah perwatakan dan pemikiran seseorang? |
| 650 10 - SUBJECT ADDED ENTRY--TOPICAL TERM | |
| Topical term or geographic name entry element | Malay fiction |
| Topical term or geographic name entry element | Malaysian fiction (Malay) |
| 942 ## - ADDED ENTRY ELEMENTS (KOHA) | |
| Source of classification or shelving scheme | |
| Koha item type | Book |
| Suppress in OPAC | No |
| Withdrawn status | Lost status | Source of classification or shelving scheme | Damaged status | Not for loan | Collection code | Home library | Current library | Shelving location | Date acquired | Total Checkouts | Full call number | Barcode | Date last seen | Price effective from | Koha item type |
|---|---|---|---|---|---|---|---|---|---|---|---|---|---|---|---|
| Fiction | Perpustakaan Kementerian Perpaduan Malaysia | Perpustakaan Kementerian Perpaduan Malaysia | Children Fiction Rack | 29/04/2026 | BM FK EZE 2007 | KPN26040078 | 29/04/2026 | 29/04/2026 | Book |